[Event "Challenge"]
[Site "http://www.queenalice.com/game.php?id=81496"]
[Date "2006.7.1"]
[Round "-"]
[White "man_from_mars"]
[Black "kasso"]
[Result "0-1"]
[WhiteElo "1544"]
[BlackElo "1783"]

1. e4 c5 2. Nf3 d6 3. Bb5+ Bd7 4. Qe2 Nc6 5. O-O g6 6. Nc3 Bg7 7. Nd5 Nf6 8. c3
O-O 9. a3 Nxd5 10. exd5 Ne5 11. Nxe5 Bxe5 12. f4 Bg7 13. Bd3 Qb6 14. c4 Qb3 15.
Rf3 Bg4 16. h3 Bxf3 17. Qxf3 f5 18. Qe2 Kh8 19. g4 fxg4 20. Bxg6 Bd4+ 21. Kf1
Qxh3+ 0-1

[Event "Challenge"]
[Site "http://www.queenalice.com/game.php?id=81497"]
[Date "2006.7.1"]
[Round "-"]
[White "kasso"]
[Black "man_from_mars"]
[Result "1-0"]
[WhiteElo "1751"]
[BlackElo "1544"]

1. e4 e5 2. f4 d5 3. exd5 exf4 4. Nf3 Nf6 5. Bc4 Bc5 6. d4 Bd6 7. Qe2+ Qe7 8.
Qxe7+ Bxe7 9. Bxf4 Bd6 10. Bxd6 cxd6 11. Nc3 O-O 12. O-O Bf5 13. Bb3 Na6 14. Nb5
Nb4 15. c4 Ne4 16. a3 Nd3 17. Bc2 Nxb2 18. Bxe4 Bxe4 19. Nxd6 Bd3 20. Rfc1 Rfd8
21. c5 Bg6 22. Ne5 Nd3 23. Nxd3 1-0

[Event "1 Etapa"]
[Site "http://www.queenalice.com/game.php?id=84741"]
[Date "2006.7.11"]
[Round "-"]
[White "kasso"]
[Black "AllanBr"]
[Result "1-0"]
[WhiteElo "1806"]
[BlackElo "1778"]

1. e4 e6 2. d4 d5 3. Nc3 c5 4. exd5 exd5 5. dxc5 d4 6. Bb5+ Nc6 7. Qe2+ Be6 8.
Ne4 Nf6 9. Bg5 Be7 10. Nf3 Nxe4 11. Bxe7 Qa5+ 12. Kf1 Bd5 13. Bxc6+ Bxc6 14.
Nxd4 Bd5 15. Nb3 Qa4 16. Qe3 Kxe7 17. f3 Rhe8 18. fxe4 Kf8 19. Kf2 Rxe4 20. Qd3
Rf4+ 21. Kg1 Bxb3 22. cxb3 Qb4 23. Qd6+ Kg8 24. a3 Qe4 25. h3 Rf6 26. Qd2 Qe5
27. Qc3 Qc7 28. Re1 Rf5 29. b4 h6 30. h4 Rd8 31. Rh3 a5 32. Rg3 f6 33. bxa5 Rxc5
34. Qxf6 Rf8 35. Qe6+ Kh8 36. Qe7 1-0

[Event "Fun Game"]
[Site "http://www.queenalice.com/game.php?id=85441"]
[Date "2006.7.13"]
[Round "-"]
[White "kasso"]
[Black "prof_zeco"]
[Result "1-0"]
[WhiteElo "1751"]
[BlackElo "1098"]

1. e4 e5 2. f4 d5 3. exd5 e4 4. d3 exd3 5. Bxd3 Nf6 6. Nc3 Bb4 7. Qe2+ Qe7 8.
Qxe7+ Kxe7 9. Bd2 Re8 10. O-O-O Kf8 11. h3 Nbd7 12. Bc4 Nb6 13. Bb3 Bd7 14. Nf3
Bf5 15. Nd4 Bd7 16. Ndb5 Rac8 17. Nxa7 Ra8 18. Nab5 Bxb5 19. Nxb5 Bxd2+ 20. Rxd2
Ra5 21. Nxc7 Rd8 22. Rhd1 Rc5 23. d6 Ne4 24. Rd4 f5 25. Ne6+ Ke8 26. Rxe4 fxe4
27. Nxc5 Nd7 28. Ba4 Ra8 29. Bxd7+ Kd8 30. Re1 Rb8 31. Rxe4 b6 32. Re8# 1-0

[Event "Challenge"]
[Site "http://www.queenalice.com/game.php?id=99553"]
[Date "2006.8.26"]
[Round "-"]
[White "lmbagolin"]
[Black "kasso"]
[Result "0-1"]
[WhiteElo "1556"]
[BlackElo "1880"]

1. e4 c5 2. Bc4 e6 3. Nf3 Nc6 4. Nc3 a6 5. d3 g6 6. Bg5 Nge7 7. Bf6 Rg8 8. Ng5
Bg7 9. Qf3 h6 10. Nh7 Nd4 11. Bxd4 cxd4 12. Ne2 Nc6 13. Nf4 Rh8 14. O-O Rxh7 15.
Rfe1 b5 16. Bb3 Na5 17. c3 Nxb3 18. axb3 dxc3 19. e5 cxb2 20. Ra2 Rb8 21. Rxb2
Qc7 22. d4 Bb7 23. Qe3 Rc8 24. Nd3 d6 25. Rc1 Qb8 26. Rxc8+ Qxc8 27. exd6 Qc6
28. Nc5 Qxg2# 0-1

[Event "Challenge"]
[Site "http://www.queenalice.com/game.php?id=105710"]
[Date "2006.9.14"]
[Round "-"]
[White "kasso"]
[Black "Fredov"]
[Result "1-0"]
[WhiteElo "1853"]
[BlackElo "1701"]

1. e4 e5 2. f4 d5 3. exd5 c6 4. Qe2 cxd5 5. fxe5 Nc6 6. Nf3 Bc5 7. c3 Bg4 8. d4
Be7 9. Qf2 Bxf3 10. Qxf3 a6 11. Bd3 f6 12. O-O b5 13. e6 Bd6 14. Qh5+ g6 15.
Bxg6+ Kf8 16. Bh6+ Nxh6 17. Qxh6+ Kg8 18. Bf7# 1-0

[Event "Challenge"]
[Site "http://www.queenalice.com/game.php?id=138344"]
[Date "2006.12.7"]
[Round "-"]
[White "Klinsmann"]
[Black "kasso"]
[Result "0-1"]
[WhiteElo "1833"]
[BlackElo "1888"]

1. e4 c5 2. Nf3 d6 3. d4 cxd4 4. Bb5+ Bd7 5. Bxd7+ Qxd7 6. O-O Nc6 7. Nxd4 Nf6
8. Nc3 g6 9. Re1 Bg7 10. Nxc6 bxc6 0-1

[Event "Challenge"]
[Site "http://www.queenalice.com/game.php?id=328087"]
[Date "2007.12.30"]
[Round "-"]
[White "Denorwaygths"]
[Black "kasso"]
[Result "0-1"]
[WhiteElo "1796"]
[BlackElo "2040"]

1. Nc3 c5 2. d4 cxd4 3. Qxd4 Nc6 4. Qe3 g6 5. Ne4 d6 6. Nf3 Bg7 7. c3 e6 8. Qd3
d5 9. Ned2 Nf6 10. e4 O-O 11. exd5 Nxd5 12. Nb3 h6 13. Be2 Qc7 14. O-O Rd8 15.
h3 Nxc3 16. Qc2 Nb4 17. Qxc3 Bxc3 18. bxc3 Qxc3 19. Bxh6 Nc6 20. Rfc1 Qb2 21.
Bg5 Qxe2 22. Bxd8 Nxd8 23. Re1 Qb5 24. Red1 Nc6 0-1

[Event "Feliz 2008! (w)"]
[Site "http://www.queenalice.com/game.php?id=328765"]
[Date "2007.12.31"]
[Round "-"]
[White "kasso"]
[Black "prof_zeco"]
[Result "1-0"]
[WhiteElo "2042"]
[BlackElo "1659"]

1. e4 b6 2. d4 Bb7 3. Bd3 Nf6 4. Nc3 d5 5. e5 Ne4 6. Nf3 e6 7. a3 Be7 8. O-O Ng5
9. Nxg5 Bxg5 10. Qg4 Bh6 11. Bxh6 gxh6 12. Qg7 Rf8 13. Qxh6 Nc6 14. Ne2 Ne7 15.
Bxh7 Ng8 16. Qg7 Kd7 17. Bxg8 Rxg8 18. Qxf7+ Qe7 19. Qxe7+ Kxe7 20. f4 c5 21. c3
Ba6 22. Rf2 Rg4 23. Re1 Rag8 24. Ng3 Bc8 25. Nh5 Rh4 26. Nf6 Rgh8 27. g4 Ba6 28.
Re3 cxd4 29. cxd4 Bc4 30. b3 Ba6 31. Rc3 Rc8 32. Rxc8 Bxc8 33. Rc2 Kd8 34. Kg2
a5 35. Kg3 Rh8 36. g5 Ba6 37. h4 Bd3 38. Rh2 Ke7 39. h5 Kf7 40. Rh1 Bc2 41. Rc1
Bxb3 42. Rc7+ Kf8 43. g6 1-0

[Event "Feliz 2008! (b)"]
[Site "http://www.queenalice.com/game.php?id=328766"]
[Date "2007.12.31"]
[Round "-"]
[White "prof_zeco"]
[Black "kasso"]
[Result "0-1"]
[WhiteElo "1481"]
[BlackElo "2040"]

1. d4 Nf6 2. Bf4 c5 3. Nf3 cxd4 4. Nxd4 e5 5. Bxe5 Qa5+ 6. Nc3 Qxe5 7. a3 Bc5 8.
Ndb5 a6 9. e3 axb5 10. Bxb5 O-O 11. Qf3 d5 12. O-O-O Bg4 13. Qg3 Qxg3 14. hxg3
Bxd1 15. Kxd1 Ne4 16. Ke2 Nxc3+ 17. bxc3 Rxa3 18. Kd3 Nc6 19. Kd2 Rfa8 20. c4
dxc4 21. Bxc4 Bb4+ 22. Ke2 Ne5 23. Bd5 Ra1 0-1

[Event "AUTO-MASTER-442"]
[Site "http://www.queenalice.com/game.php?id=329545"]
[Date "2008.1.2"]
[Round "1"]
[White "kasso"]
[Black "arrabi"]
[Result "1-0"]
[WhiteElo "2043"]
[BlackElo "1852"]

1. e4 c5 2. Nc3 Nc6 3. f4 e5 4. fxe5 Nxe5 5. Nf3 Bd6 6. Nxe5 Bxe5 7. Qf3 Nf6 8.
Bc4 O-O 9. d3 d6 10. O-O Bg4 11. Qf2 a6 12. a4 Bh5 13. h3 Qb6 14. Nd5 Nxd5 15.
Bxd5 Qc7 16. Kh1 Kh8 17. Bf4 Bd4 18. Qg3 Rad8 19. c3 Bf6 20. Bg5 Bxg5 21. Qxg5
Bg6 22. Rf4 f6 23. Qxg6 f5 24. Rh4 h6 25. exf5 Qe7 26. Re4 Qd7 27. Re6 Qf7 28.
Qxf7 Rxf7 29. Rxh6+ gxh6 30. Bxf7 Kg7 31. Be6 Kf6 32. a5 Rb8 33. Ra4 b5 34. axb6
Rxb6 35. b4 cxb4 36. Rxb4 Rc6 37. c4 h5 38. g3 Kg5 39. h4+ Kf6 40. d4 a5 41. Rb7
1-0

[Event "AUTO-MASTER-442"]
[Site "http://www.queenalice.com/game.php?id=329546"]
[Date "2008.1.2"]
[Round "1"]
[White "arrabi"]
[Black "kasso"]
[Result "0-1"]
[WhiteElo "1840"]
[BlackElo "2054"]

1. e4 c5 2. Bc4 e6 3. Nc3 a6 4. a4 Nc6 5. Nf3 g6 6. d3 Bg7 7. Bg5 Nge7 8. Rb1 h6
9. Bh4 O-O 10. Ne2 d5 11. exd5 exd5 12. Ba2 g5 13. Bg3 Nf5 14. O-O Nxg3 15. Nxg3
Nb4 16. Bb3 Be6 17. c3 Nxd3 18. Qxd3 c4 19. Bxc4 dxc4 20. Qc2 Qd3 21. Qe2 Rfe8
22. Rbd1 Qxe2 23. Nxe2 Bg4 24. Ng3 b5 25. Rd5 Be6 26. Rd6 Bf8 27. Rd2 bxa4 28.
Nd4 a3 29. Nxe6 Rxe6 30. bxa3 Bxa3 31. f4 Bc5+ 32. Kh1 gxf4 33. Rxf4 Re1+ 34.
Rf1 Rxf1+ 35. Nxf1 a5 36. g3 a4 37. Ra2 a3 38. Kg2 Re8 39. g4 Bd6 40. h4 Re4 41.
Kh3 Re1 42. Kg2 Re4 43. Kh3 Rf4 44. Nh2 Bc5 45. h5 Rf2 46. Ra1 Rc2 0-1

[Event "AUTO-MASTER-442"]
[Site "http://www.queenalice.com/game.php?id=329547"]
[Date "2008.1.2"]
[Round "1"]
[White "kasso"]
[Black "Matrick"]
[Result "1-0"]
[WhiteElo "1994"]
[BlackElo "2241"]

1. e4 e5 2. f4 exf4 3. Bc4 Qh4+ 4. Kf1 g5 5. Nc3 Bg7 6. d4 Ne7 7. g3 fxg3 8. Kg2
Qh6 9. Nf3 Qc6 10. Qf1 Rf8 11. Nxg5 Bxd4 12. Bxf7+ Kd8 13. Qd3 Qf6 14. Rf1 Qg7
15. Nb5 c5 16. Bf4 d6 17. Nxd6 gxh2 18. Kxh2 Qh6+ 19. Kg2 Qg7 20. c3 Ng6 21.
Bxg6 Qxg6 22. cxd4 Rxf4 23. Rxf4 Qxg5+ 24. Qg3 Qxg3+ 25. Kxg3 1-0

[Event "AUTO-MASTER-442"]
[Site "http://www.queenalice.com/game.php?id=329548"]
[Date "2008.1.2"]
[Round "1"]
[White "Matrick"]
[Black "kasso"]
[Result "1-0"]
[WhiteElo "2306"]
[BlackElo "2050"]

1. e4 c5 2. Nf3 d6 3. d4 cxd4 4. Nxd4 Nf6 5. Nc3 g6 6. Be3 Bg7 7. f3 O-O 8. Qd2
Nc6 9. Bc4 Bd7 10. O-O-O Qa5 11. Bb3 Rfc8 12. h4 Ne5 13. g4 Nc4 14. Bxc4 Rxc4
15. h5 Rac8 16. Nb3 Qa6 17. hxg6 hxg6 18. e5 Nxg4 19. fxg4 Bxg4 20. Qh2 Bxe5 21.
Qh7+ Kf8 22. Bd4 Rxd4 23. Rxd4 Bf5 24. Qh6+ Ke8 25. Qd2 Qc6 26. Rdh4 Bf6 27. Rh7
Be5 28. Nd4 Qc4 29. Nxf5 gxf5 30. Qg2 Bxc3 31. bxc3 Qxc3 32. Rh8+ Kd7 33. Qxb7+
Rc7 34. Qb5+ Ke6 35. R8h6+ f6 36. Qb3+ Kd7 37. Qxc3 Rxc3 38. Rh7 Rc5 39. Kd2 a6
40. R1h4 Ra5 41. a4 Re5 42. Kd3 Kc6 43. c3 a5 44. Rh8 Rd5+ 45. Rd4 Re5 46. Rc8+
Kd7 47. Rdc4 1-0

[Event "AUTO-MASTER-442"]
[Site "http://www.queenalice.com/game.php?id=457968"]
[Date "2008.9.3"]
[Round "2"]
[White "bruno_borges"]
[Black "kasso"]
[Result "1/2-1/2"]
[WhiteElo "1940"]
[BlackElo "2073"]

1. e4 c5 2. Nf3 d6 3. Bb5+ Bd7 4. Bxd7+ Nxd7 5. d4 cxd4 6. Nxd4 Ngf6 7. Nc3 g6
8. O-O Bg7 9. Nce2 Nxe4 10. c4 O-O 11. Qd3 Nec5 12. Qc2 Rc8 13. b3 Ne5 14. Ba3
Nc6 15. Rad1 Nxd4 16. Nxd4 Qb6 17. Rfe1 a6 18. Rxe7 Rfe8 19. Rxe8+ Rxe8 20. Nf3
Re6 1/2-1/2

[Event "AUTO-MASTER-442"]
[Site "http://www.queenalice.com/game.php?id=457969"]
[Date "2008.9.3"]
[Round "2"]
[White "kasso"]
[Black "bruno_borges"]
[Result "1-0"]
[WhiteElo "2063"]
[BlackElo "1940"]

1. e4 e5 2. f4 exf4 3. Bc4 Nf6 4. Nc3 d5 5. Nxd5 Nxd5 6. Bxd5 c6 7. Bb3 Bd6 8.
Nf3 O-O 9. d4 Bg4 10. O-O g5 11. Qd3 Bh5 12. e5 Bc7 13. h4 Bg6 14. Qd2 g4 15.
Nh2 g3 16. Nf3 Bh5 17. Qxf4 Kh8 18. Ng5 h6 19. Nxf7+ 1-0

[Event "AUTO-MASTER-442"]
[Site "http://www.queenalice.com/game.php?id=457972"]
[Date "2008.9.3"]
[Round "2"]
[White "pony"]
[Black "kasso"]
[Result "1/2-1/2"]
[WhiteElo "2171"]
[BlackElo "2085"]

1. Nf3 Nf6 2. c4 c5 3. Nc3 Nc6 4. g3 g6 5. Bg2 Bg7 6. O-O O-O 7. d4 cxd4 8. Nxd4
d6 9. Nc2 Be6 10. Ne3 Qd7 11. Re1 Rac8 12. Bd2 Nd4 13. b3 b5 14. cxb5 Nxb5 15.
Rc1 Ng4 16. Ncd5 Nxe3 17. Bxe3 Nc3 18. Qd2 Nxd5 19. Bxd5 Bxd5 20. Qxd5 Bb2 21.
Rc4 Rxc4 22. bxc4 Qa4 23. Qb7 Bf6 24. Bh6 Re8 25. Qb5 Qxb5 26. cxb5 Bc3 27. Rc1
Ba5 28. Be3 Bb6 29. Rc3 Rb8 30. a4 Kf8 31. g4 Ke8 32. Kg2 Bxe3 1/2-1/2

[Event "AUTO-MASTER-442"]
[Site "http://www.queenalice.com/game.php?id=457973"]
[Date "2008.9.3"]
[Round "2"]
[White "kasso"]
[Black "pony"]
[Result "1/2-1/2"]
[WhiteElo "2067"]
[BlackElo "2167"]

1. e4 c5 2. Nc3 Nc6 3. f4 g6 4. Nf3 Bg7 5. Bb5 Nd4 6. O-O a6 7. Bd3 d6 8. Nxd4
cxd4 9. Ne2 Nf6 10. Kh1 Nd7 11. b4 O-O 12. Bb2 e5 13. f5 a5 14. fxg6 hxg6 15.
bxa5 Rxa5 16. Bc4 Nb6 17. Bb3 d5 18. Ng3 Nc4 19. Bc1 Be6 20. d3 Nb6 21. Bd2 Ra6
22. Qf3 Qd7 23. h3 1/2-1/2

[Event "AUTO-MASTER-442"]
[Site "http://www.queenalice.com/game.php?id=457974"]
[Date "2008.9.3"]
[Round "2"]
[White "Vader1d4"]
[Black "kasso"]
[Result "0-1"]
[WhiteElo "2009"]
[BlackElo "2072"]

1. c4 c5 2. Nc3 Nc6 3. g3 g6 4. Bg2 Bg7 5. e4 e6 6. d3 Nge7 7. Nge2 O-O 8. O-O
d6 9. Be3 Nd4 10. f4 Nec6 11. Rc1 Rb8 12. Qd2 a6 13. Bxd4 Nxd4 14. Nxd4 Bxd4+
15. Kh1 b5 16. g4 Qh4 17. g5 f6 18. Ne2 Bf2 19. d4 cxd4 20. Nxd4 Bg3 21. Bf3
Bxf4 0-1

[Event "AUTO-MASTER-442"]
[Site "http://www.queenalice.com/game.php?id=457975"]
[Date "2008.9.3"]
[Round "2"]
[White "kasso"]
[Black "Vader1d4"]
[Result "1/2-1/2"]
[WhiteElo "2076"]
[BlackElo "2014"]

1. e4 c5 2. Nc3 Nc6 3. f4 d6 4. Nf3 g6 5. Bb5 Bg7 6. Bxc6+ bxc6 7. d3 Nf6 8. O-O
O-O 9. Qe1 Rb8 10. Kh1 Ba6 11. Rb1 Nd7 12. b3 e6 13. Bb2 d5 14. e5 Nb6 15. Qf2
Bh6 16. Ne2 d4 17. Bc1 Nd5 18. Bd2 Qe7 1/2-1/2